Vetvjaščijesja cepnyje drobi

Enregistré dans:
Détails bibliographiques
Auteur principal: Bodnar, Dmitrij Iľič (Auteur)
Format: Livre
Langue:russe
Publié: Kijev : Naukova dumka, 1986
Tags: Ajouter un tag
Pas de tags, Soyez le premier à ajouter un tag!

MARC

LEADER 00000nam a22000003a 4500
001 stu19477
005 20150617225752.9
008 ------s1986----xxr-----------------rus-d
040 |a STU  |b slo 
041 0 |a rus 
044 |a xxr 
080 |a 517.524 
100 1 |a Bodnar, Dmitrij Iľič  |4 aut 
245 1 |a Vetvjaščijesja cepnyje drobi 
260 |a Kijev :  |b Naukova dumka,  |c 1986 
300 |a 174 s :  |b Lit 
996 |b C77606  |c C*77606  |l CCV  |s P  |a 0  |w stu19477_0003